000 00565nam a2200181 i 4500
001 112779
003 ES-MaACL
005 20250816063138.0
008 061121s1920 sp |||| | spa d
100 1 _aNóvoa Santos, Roberto,
_d1885-1933
_986096
245 1 0 _aTratamiento de la diabetes mellitus /
_cR. Nóvoa Santos.
260 _aMadrid :
_b[s. n.],
_c1920 (
_fTip. Moderna)
300 _a160 p. ;
_c19 x 12 cm.
650 0 4 _aDiabetes-
_xTratamiento.
_911849
852 _aES-MaACL
_jB-11663
852 _aES-MaACL
_jB-11655
999 _c112779
_d112779